Statistics for 20 Elements in 15 Seconds

Click here to take the quiz!

General Stats

  • This quiz has been taken 21 times
    (11 since last reset)
  • The average score is 7 of 20

Answer Stats

A#Element% Correct
1Hydrogen
100%
2Helium
86%
3Lithium
86%
5Boron
71%
4Beryllium
57%
6Carbon
57%
7Nitrogen
57%
8Oxygen
43%
9Fluorine
29%
10Neon
29%
19Potassium
29%
11Sodium
14%
13Aluminium
0%
18Argon
0%
20Calcium
0%
17Chlorine
0%
12Magnesium
0%
15Phosphorus
0%
14Silicon
0%
16Sulfur
0%

Score Distribution

Percentile by Number Answered

Percent of People with Each Score

Your Score History

You have not taken this quiz since the last reset